Κατάλογος Βιβλιοθηκών Mediterranean College

Introduction to Artificial Intelligence and Expert Systems (Record no. 1396)

MARC details
000 -LEADER
fixed length control field 01264cam a22001934a 4500
005 - ΗΜΕΡΟΜΗΝΙΑ ΚΑΙ ΩΡΑ ΤΕΛΕΥΤΑΙΑΣ ΕΝΗΜΕΡΩΣΗΣ
Πεδίο ελέγχου 20250605164007.0
008 - FIXED-LENGTH DATA ELEMENTS--GENERAL INFORMATION
Πεδίο ελέγχου σταθερού μήκους 250528s ||||||||||||||||||||||||d
035 ## - SYSTEM CONTROL NUMBER
System control number 15846
020 ## - ISBN
ISBN 132097680
040 ## - ΠΗΓΗ ΚΑΤΑΛΟΓΟΓΡΑΦΗΣΗΣ
Φορέας πρωτότυπης καταλογογράφησης MC Athens Campus Library
Γλώσσα καταλογογράφησης Ελληνικά, Μοντέρνα (1453-)
Modifying agency MC Athens Campus Library
Κανόνες περιγραφικής καταλογογράφησης AACR2
245 1# - ΤΙΤΛΟΣ ΚΑΙ ΔΗΛΩΣΗ ΥΠΕΥΘΥΝΟΤΗΤΑΣ
Τίτλος Introduction to Artificial Intelligence and Expert Systems
260 ## - PUBLICATION, DISTRIBUTION, ETC.
Name of publisher, distributor, etc. Prentice Hall,
Date of publication, distribution, etc. 1990
300 ## - PHYSICAL DESCRIPTION
Extent 450
520 ## - SUMMARY, ETC.
Summary, etc. This book explores the underpinnings of knowledge and explains the role it plays in the development of effective artificial intelligence programs. Preface, Introduction to Artificial Intelligence, Overview of Artificial Intelligence, Knowledge: General Concepts, Knowledge Representation, Formalized Symbolic Logics, Dealing with Inconsistencies and Uncertainties, Probabilistic Reasoning, Object-Oriented Representations, Knowledge Organization and Manipulation, Search and Control Strategies, Matching Techniques, Perception and Communication and Expert Systems, Natural Language Processing, Pattern Recognition, Visual Image Understanding, Expert Systems Architectures, Knowledge Acquisition, Learning by Induction, Analogical and Explanation-Based Learning, References, Index.
700 1# - ΠΡΟΣΘΕΤΗ ΑΝΑΓΡΑΦΗ--ΦΥΣΙΚΟ ΠΡΟΣΩΠΟ
Personal name Patterson W. Dan
9 (RLIN) 1861
942 ## - ADDED ENTRY ELEMENTS (KOHA)
Koha item type Books
Holdings
Τύπος τεκμηρίου Βιβλιοθήκη Τρέχουσα τοποθεσία Barcode Αριθμός εισαγωγής Ημερομηνία απόκτησης Ταξιθετικό σύμβολο Αριθμός αντιτύπου Κατάσταση απόσυρσης Κατάσταση χαμένου Κατάσταση κατεστραμμένου Μη δανεισμός Σύνολο δανεισμών Ημερομηνία τελευταίας εμφάνισης Η τιμή ισχύει από
Books MC Athens Campus Library MC Athens Campus Library 9780000013958 2454 05/06/2025 006.3 PAT 1           05/06/2025 05/06/2025

MC Athens Campus Library
Πατησίων 94 & Κοδριγκτώνος 13, 104 34
Πελλήνης 8 & Πατησίων 107, 112 51
Τ: +30 210 8899600

MC Thessaloniki Campus Library
Ίωνος Δραγούμη 21, 54625 | Ίωνος Δραγούμη 15, 54625
Τ: +30 2310 287779 – Τ: +30 2314 440300